[Event "Lions Cup Den Haag"]
[Site "SchemingMind.com"]
[Date "2013.10.10"]
[Round "-"]
[White "Chessibelle"]
[Black "fouche"]
[Result "0-1"]
[WhiteCountry "ENG"]
[BlackCountry "COL"]
[WhiteElo "1156"]
[WhiteRD "57"]
[BlackElo "1587"]
[BlackRD "66"]
[GameID "339934"]

1. Nf3 e6 2. d4 d5 3. Nc3 Nf6 4. e3 c5 5. Bb5+ Nc6 6. Ne5 Bd7 7. Bd2 Bd6 8. Nxd7 Qxd7 9. Qf3 O-O 10. Bd3 c4
11. Be2 e5 12. e4 Nxd4 13. Qg3 Nxc2+ 14. Kf1 Nxa1 15. Bh6 Ne8 16. Nxd5 Qe6 17. Bd2 b5 18. b3 cxb3 19. f3 b2 20. Bd3 Nc7
21. Ne3 a5 22. Nf5 Qf6 23. Bc3 Ne6 24. Bxb5 b1=Q+ 25. Be1 Qxb5+ 26. Kg1 Bc5+ 27. Bf2 Qb1#
0-1

[Event "Lions Cup Den Haag"]
[Site "SchemingMind.com"]
[Date "2013.10.14"]
[Round "-"]
[White "wight knight"]
[Black "alexyongpohweng"]
[Result "1-0"]
[WhiteCountry "ENG"]
[BlackCountry "MAS"]
[WhiteElo "1382"]
[WhiteRD "55"]
[BlackElo "1324"]
[BlackRD "46"]
[GameID "340054"]

1. e4 e5 2. Bc4 Qh4 3. Qf3 Nf6 4. g3 Qxe4+ 5. Qxe4 Nxe4 6. d3 Nf6 7. Bg5 Be7 8. Bxf6 Bxf6 9. Nf3 O-O 10. Nc3 d6
11. O-O-O c6 12. h4 b5 13. Bb3 a5 14. a4 b4 15. Ne4 d5 16. Nxf6+ gxf6 17. h5 h6 18. Rh4 Kh7 19. g4 Na6 20. d4 e4
21. Nd2 Rg8 22. f3 Kg7 23. fxe4 dxe4 24. Nxe4 Be6 25. Bxe6 fxe6 26. b3 Rad8 27. c3 bxc3 28. Nxc3 Nc7 29. Kc2 Nd5 30. Nxd5 Rxd5
31. Kc3 Kf7 32. Kc4 Rdd8 33. Kc5 Rg5+ 34. Kxc6 Rc8+ 35. Kb6 Rb8+ 36. Ka6 Rxb3 37. Rc1 e5 38. d5 Ke7 39. Kxa5 Rb8 40. Rc7+ Kd6
41. Rc6+ Kxd5 42. Rxf6 Ra8+ 43. Ra6 Rxa6+ 44. Kxa6 e4 45. Kb6 e3 46. a5 e2 47. Rh1 Rxg4 48. Re1 Re4 49. a6 Ra4 50. Rxe2 Kc4
51. Re4+ Kb3 52. Rxa4 Kxa4 53. Kc6
1-0

[Event "Lions Cup Den Haag"]
[Site "SchemingMind.com"]
[Date "2013.10.13"]
[Round "-"]
[White "wight knight"]
[Black "fouche"]
[Result "1/2-1/2"]
[WhiteCountry "ENG"]
[BlackCountry "COL"]
[WhiteElo "1382"]
[WhiteRD "55"]
[BlackElo "1604"]
[BlackRD "69"]
[GameID "340055"]

1. e4 e6 2. Bc4 d5 3. Be2 dxe4 4. f3 Nc6 5. c3 e5 6. fxe4 Be7 7. Bb5 Nf6 8. Bxc6+ bxc6 9. Qf3 O-O 10. d3 Ba6
11. c4 Bc5 12. Bg5 Qd6 13. Bxf6 Qxf6 14. Qxf6 gxf6 15. Nc3 Bd4 16. O-O-O Bc8 17. Nge2 f5 18. exf5 Bxf5 19. Nxd4 exd4 20. Ne4 Bxe4
21. dxe4 c5 22. a4 f5 23. exf5 Rxf5 24. Rhe1 Rf2 25. Re5 Rxg2 26. Rxc5 Rb8 27. Rxd4 Rbxb2 28. Rd8+ Kf7 29. Rxc7+ Ke6 30. Rxh7 Rxh2
31. Rxh2 Rxh2 32. c5 Rh7 33. c6 Rc7 34. Re8+ Kd6 35. Kb2 Kxc6 36. Ka3 Kb7= 37. Kb4 Rh7 38. Kb5= a6+ 39. Ka5 Rh5+=
1/2-1/2

[Event "Lions Cup Den Haag"]
[Site "SchemingMind.com"]
[Date "2013.10.16"]
[Round "-"]
[White "wight knight"]
[Black "Timaeus"]
[Result "0-1"]
[WhiteCountry "ENG"]
[BlackCountry "JPN"]
[WhiteElo "1331"]
[WhiteRD "53"]
[BlackElo "1485"]
[BlackRD "73"]
[GameID "340056"]

1. e4 e5 2. Bc4 Nf6 3. f3 d5 4. exd5 Nxd5 5. Bxd5 Qxd5 6. Nc3 Qe6 7. d3 Bd6 8. Nge2 Bd7 9. Nb5 Bxb5 10. c4 Bc6
11. O-O Nd7 12. d4 Qxc4 13. b3 Qe6 14. dxe5 Bxe5 15. Rb1 Bb5 16. Re1 Qb6+ 17. Kh1 Bxh2 18. Kxh2 O-O-O 19. a4 Bxe2 20. Rxe2 f6
21. Be3 Nc5 22. Qc1 Rd5 23. Rc2 Qd6+ 24. Kg1 b6 25. Bxc5 bxc5 26. b4 Rh5 27. bxc5 Qd4+ 28. Rf2 Qh4 29. Kf1 Qh1+ 30. Ke2 Re8+
31. Kd2 Rd8+ 32. Kc2 Rxc5+ 33. Kb2 Rxc1 34. Rxc1 Qh4 35. Rfc2 Qb4+ 36. Ka1 Qxa4+ 37. Ra2 Qd4+ 38. Rb2 Rd6 39. Kb1 Rb6 40. Rxb6 axb6
41. g4 Qd3+ 42. Rc2 Qxf3 43. Kb2 Qxg4 44. Rc3 h5 45. Kc2 Qe2+ 46. Kb3 g5 47. Kb4 c5+ 48. Kb3 h4 49. Rc4 Qd3+ 50. Rc3 c4+
51. Kb2 Qd2+ 52. Rc2 Qxc2+ 53. Kxc2 h3 54. Kc3 h2 55. Kxc4 h1=Q 56. Kb5 Kc7 57. Kc4 Qe4+ 58. Kb5 g4 59. Ka6 Qa4#
0-1

[Event "Lions Cup Den Haag"]
[Site "SchemingMind.com"]
[Date "2013.10.18"]
[Round "-"]
[White "wight knight"]
[Black "Iucounu"]
[Result "0-1"]
[WhiteCountry "ENG"]
[BlackCountry "ENG"]
[WhiteElo "1382"]
[WhiteRD "55"]
[BlackElo "1494"]
[BlackRD "57"]
[GameID "340057"]

1. e4 d5 2. Bd3 dxe4 3. Bxe4 Nf6 4. f3 Nxe4 5. fxe4 e5 6. d3 Bb4+ 7. c3 Bc5 8. b4 Bxg1 9. Rxg1 Qh4+ 10. g3 Qxh2
11. Rf1 Qxg3+ 12. Kd2 Bg4 13. Kc2 Bxd1+ 14. Rxd1 h5 15. Nd2 h4 16. Ba3 b5 17. Rg1 Qf2 18. Rxg7 h3 19. Rd1 h2 20. Rh1 Nd7
21. Kc1 O-O-O 22. c4 Rdg8 23. Rxg8+ Rxg8 24. cxb5 Rg1+ 25. Rxg1 hxg1=Q+ 26. Kc2 Qa1 27. b6 Qxa2+ 28. Kc3 Qfxd2#
0-1

[Event "Lions Cup Den Haag"]
[Site "SchemingMind.com"]
[Date "2013.10.13"]
[Round "-"]
[White "wight knight"]
[Black "celticfc1888"]
[Result "1-0"]
[WhiteCountry "ENG"]
[BlackCountry "IRL"]
[WhiteElo "1408"]
[WhiteRD "60"]
[BlackElo "1463"]
[BlackRD "87"]
[GameID "340058"]

1. e4 e5 2. Bc4 Nf6 3. f3 a6 4. d3 h6 5. Ne2 Nc6 6. c3 Bb4 7. cxb4 Nxb4 8. a3 Nc6 9. h3 d6 10. Bd5 Nxd5
11. exd5 Ne7 12. Nec3 O-O 13. f4 exf4 14. Bxf4 c5 15. d4 b6 16. O-O Bb7 17. Nd2 cxd4 18. Ne2 Nxd5 19. Nxd4 Nxf4 20. Rxf4 Qg5
21. Qg4 Qxg4 22. Rxg4 b5 23. Nf5 Kh8 24. Nxg7 Rg8 25. Nf5 Rxg4 26. hxg4 Kh7 27. Nxd6 Bd5 28. Rf1 Kg6 29. Kh2 Rd8 30. N6e4 Be6
31. Nf3 Kg7 32. g5 hxg5 33. Nfxg5 Bb3 34. Rc1 f5 35. Nc5 Rh8+ 36. Kg3 Bd5 37. Nxa6 Kh6 38. Nc7 Bb3 39. Kf4 Rf8 40. Rc6+ Kh5
41. Nce6 Rg8 42. g4+ fxg4 43. Kg3 Bd1 44. Rc5 Rb8 45. Rd5 Bb3 46. Nf4+ Kh6 47. Re5 b4 48. axb4 Rxb4 49. Kxg4 Ra4 50. Nf7+ Kg7
51. Nd6 Bd1+ 52. Kg5 Kf8 53. Ng6+
1-0

[Event "Lions Cup Den Haag"]
[Site "SchemingMind.com"]
[Date "2013.10.13"]
[Round "-"]
[White "wight knight"]
[Black "Chessibelle"]
[Result "1-0"]
[WhiteCountry "ENG"]
[BlackCountry "ENG"]
[WhiteElo "1471"]
[WhiteRD "73"]
[BlackElo "1156"]
[BlackRD "57"]
[GameID "340059"]

1. e4 e5 2. Bc4 Nf6 3. f3 Nc6 4. c3 d6 5. d3 Bd7 6. Bg5 Be7 7. Bxf6 Bxf6 8. Bd5 Bh4+ 9. g3 Bf6 10. Bxc6 Bxc6
11. Nd2 O-O 12. f4 a6 13. fxe5 dxe5 14. Ke2 g6 15. Ngf3 Re8 16. h4 Bb5 17. c4 Bc6 18. Nb3 Ba4 19. h5 g5 20. h6 Qd7
21. Qd2 b6 22. c5 Qe6 23. Rh5 Kf8 24. Nxg5 Qg4+ 25. Ke3 Qxh5 26. Nxh7+ Kg8 27. Nxf6+
1-0

[Event "Lions Cup Den Haag"]
[Site "SchemingMind.com"]
[Date "2013.10.15"]
[Round "-"]
[White "alexyongpohweng"]
[Black "wight knight"]
[Result "0-1"]
[WhiteCountry "MAS"]
[BlackCountry "ENG"]
[WhiteElo "1324"]
[WhiteRD "46"]
[BlackElo "1382"]
[BlackRD "55"]
[GameID "340060"]

1. e4 e5 2. Nf3 f6 3. Nh4 g6 4. Bc4 f5 5. Bxg8 Rxg8 6. Nf3 fxe4 7. Nxe5 d6 8. Nc4 d5 9. Ne3 c6 10. O-O Qg5
11. g3 h5 12. Ng2 Bh3 13. d3 Qg4 14. Qxg4 hxg4 15. dxe4 dxe4 16. Nc3 Na6 17. Nxe4 O-O-O 18. Nf6 Rg7 19. Ne4 Bc5 20. Nxc5 Nxc5
21. Bg5 Rd5 22. Bf6 Bxg2 23. Bxg7 Bxf1 24. Rxf1 Rd2 25. c3 Rxb2 26. a3 Ra2 27. f3 gxf3 28. Rxf3 Rxa3 29. Rf8+ Kc7 30. Rf7+ Kb6
31. Rf3 Ne4 32. Bd4+ c5 33. Be5 c4 34. Re3 Ng5 35. Bd4+ Kb5 36. Re5+ Ka4 37. Rxg5 b5 38. Rxg6 a5 39. Bc5 Rxc3 40. h4 b4
41. h5 b3 42. Bd4 Rc2 43. h6 b2 44. Bxb2 Rxb2 45. h7 Rb1+ 46. Kg2 Rb2+ 47. Kf3 Rh2 48. Rg7 c3 49. Rc7 Kb3 50. g4 c2
51. Rxc2 Kxc2 52. g5 Rxh7
0-1

[Event "Lions Cup Den Haag"]
[Site "SchemingMind.com"]
[Date "2013.10.15"]
[Round "-"]
[White "fouche"]
[Black "wight knight"]
[Result "1-0"]
[WhiteCountry "COL"]
[BlackCountry "ENG"]
[WhiteElo "1604"]
[WhiteRD "69"]
[BlackElo "1382"]
[BlackRD "55"]
[GameID "340061"]

1. d4 Nc6 2. Nf3 f6 3. e3 e5 4. e4 exd4 5. Nxd4 Bc5 6. Nxc6 bxc6 7. Bc4 Ne7 8. O-O d5 9. Nc3 dxc4 10. Bf4 O-O
11. Qxd8 Rxd8 12. Bxc7 Rd2 13. Na4 Bd6 14. Bxd6 Rxd6 15. Nc5 Rb8 16. b3 cxb3 17. axb3 f5 18. Rxa7 Ng6 19. exf5 Bxf5 20. h3 Bxc2
21. Rc1 Bf5 22. g4 Bc8 23. Re1 Nf8 24. Kh2 Ne6 25. Ne4 Rd3 26. Re7 Rbxb3 27. Re8+ Nf8 28. Rxc8 Rxh3+ 29. Kg2 Rh6 30. Nc5 Rbh3
31. Re3 Rxe3 32. fxe3 g5 33. Nd7 Re6 34. Nxf8 Rxe3 35. Ne6+ Kf7 36. Nxg5+ Kg6 37. Nf3 Re2+ 38. Kg3 Rc2 39. Ne5+ Kg5 40. Rxc6 Re2
41. Nf3#
1-0

[Event "Lions Cup Den Haag"]
[Site "SchemingMind.com"]
[Date "2013.10.18"]
[Round "-"]
[White "Iucounu"]
[Black "wight knight"]
[Result "1-0"]
[WhiteCountry "ENG"]
[BlackCountry "ENG"]
[WhiteElo "1464"]
[WhiteRD "57"]
[BlackElo "1408"]
[BlackRD "60"]
[GameID "340063"]

1. e4 e5 2. f4 f6 3. fxe5 fxe5 4. Qh5+ Ke7 5. Qxe5+ Kf7 6. Bc4+ d5 7. Bxd5+ Kg6 8. Ne2 Qf6 9. Nf4+ Qxf4 10. Qxf4 Be7
11. Bf7#
1-0

[Event "Lions Cup Den Haag"]
[Site "SchemingMind.com"]
[Date "2013.10.15"]
[Round "-"]
[White "celticfc1888"]
[Black "wight knight"]
[Result "1/2-1/2"]
[WhiteCountry "IRL"]
[BlackCountry "ENG"]
[WhiteElo "1463"]
[WhiteRD "87"]
[BlackElo "1408"]
[BlackRD "60"]
[GameID "340064"]

1. e4 e5 2. Nf3 f6 3. a3 Bc5 4. Nc3 c6 5. Be2 d5 6. d3 Bg4 7. h3 Bxf3 8. Bxf3 Nh6 9. exd5 Nf5 10. dxc6 Nxc6
11. Bxc6+ bxc6 12. O-O Ng3 13. Re1 h5 14. Be3 Bxe3 15. Rxe3 Nf5 16. Re1 O-O 17. Qxh5 Nd4 18. Rac1 Qb6 19. b4 a5 20. Nb1 axb4
21. axb4 Qxb4 22. c3 Qc5 23. cxd4 Qb5 24. Qe2 exd4 25. Qe6+ Kh8 26. Red1 Rae8 27. Qxc6 Qxc6 28. Rxc6 Re5 29. Rd6 Rfe8 30. Kf1 Kh7
31. Nd2 Rb5 32. Rxd4 Rg5 33. Nf3 Rb5 34. Rh4+ Kg6 35. Re4 Reb8 36. Nd2 f5 37. Re6+=
1/2-1/2

[Event "Lions Cup Den Haag"]
[Site "SchemingMind.com"]
[Date "2013.10.15"]
[Round "-"]
[White "Chessibelle"]
[Black "wight knight"]
[Result "1-0"]
[WhiteCountry "ENG"]
[BlackCountry "ENG"]
[WhiteElo "1129"]
[WhiteRD "55"]
[BlackElo "1408"]
[BlackRD "60"]
[GameID "340065"]

1. Nf3 f6 2. d4 d5 3. Nc3 c6 4. e3 Bg4 5. Be2 Bxf3 6. Bxf3 e6 7. e4 dxe4 8. Nxe4 f5 9. Nc5 Bxc5 10. O-O Bxd4
11. Qe1 Ke7 12. Bg5+ Nf6 13. Qb4+ Ke8 14. Qxb7 Nbd7 15. Qxc6 h6 16. Bf4 Bxb2 17. Rab1 Bd4 18. Qxe6+ Qe7 19. Qc6 Kf7 20. Qc4+ Qe6
21. Qxd4 Rad8 22. Qxa7 Ra8 23. Bxa8 g5 24. Bd2 Kg6 25. Bf3 g4 26. Bb7 Ne5 27. Rfe1 Rh7 28. f3 gxf3 29. g3 Ne4 30. Qa5 f2+
31. Kg2 Nxd2 32. Rxe5 Qc4 33. Rb6+ Kg5 34. Qxd2+ Kh5 35. Bf3+ Qg4 36. Rxf5#
1-0

[Event "Lions Cup Den Haag"]
[Site "SchemingMind.com"]
[Date "2013.10.14"]
[Round "-"]
[White "Simon Green"]
[Black "alexyongpohweng"]
[Result "1-0"]
[WhiteCountry "ENG"]
[BlackCountry "MAS"]
[WhiteElo "1618"]
[WhiteRD "61"]
[BlackElo "1309"]
[BlackRD "50"]
[GameID "340083"]

1. d4 d5 2. e3 Nf6 3. Bd3 g6 4. f4 Bg7 5. Nf3 O-O 6. O-O c6 7. Nbd2 Bg4 8. Qe1 Bxf3 9. Nxf3 Na6 10. c3 Nc7
11. Ne5 Ne6 12. b3 Ne4 13. Bxe4 dxe4 14. a4 Bxe5 15. fxe5 f6 16. exf6 exf6 17. Ba3 b6 18. Bxf8 Nxf8 19. Qe2 Ne6 20. Qg4 Ng5
21. h4 Ne6 22. Qxe6+ Kg7 23. Qxe4 f5 24. Qxc6 Rc8 25. Qf3 Rxc3 26. Rac1 Rxb3 27. Qf4 Ra3 28. Rc7+ Kg8 29. Qe5 Qf8 30. Qe6+ Kh8
31. Rc8 Qxc8 32. Qxc8+
1-0

[Event "Lions Cup Den Haag"]
[Site "SchemingMind.com"]
[Date "2013.10.14"]
[Round "-"]
[White "Simon Green"]
[Black "fouche"]
[Result "0-1"]
[WhiteCountry "ENG"]
[BlackCountry "COL"]
[WhiteElo "1618"]
[WhiteRD "61"]
[BlackElo "1616"]
[BlackRD "67"]
[GameID "340084"]

1. d4 e6 2. e3 f5 3. f4 Nf6 4. Nf3 Be7 5. Bd3 O-O 6. O-O d6 7. Nbd2 h6 8. Qe1 Nbd7 9. c3 b6 10. Qg3 Bb7
11. b3 Ne4 12. Bxe4 fxe4 13. Ne1 e5 14. fxe5 dxe5 15. Rxf8+ Qxf8 16. dxe5 Qf5 17. Nc2 Nxe5 18. Bb2 Bd6 19. Qe1 Rf8 20. Nd4 Qh5
21. Ne6 Nd3 22. Qb1 Qxh2#
0-1

[Event "Lions Cup Den Haag"]
[Site "SchemingMind.com"]
[Date "2013.10.16"]
[Round "-"]
[White "Simon Green"]
[Black "Timaeus"]
[Result "1-0"]
[WhiteCountry "ENG"]
[BlackCountry "JPN"]
[WhiteElo "1625"]
[WhiteRD "57"]
[BlackElo "1443"]
[BlackRD "74"]
[GameID "340085"]

1. d4 d5 2. e3 Nc6 3. f4 Bf5 4. c3 Nf6 5. Nf3 a6 6. Bd3 e6 7. O-O Bd6 8. Ne5 O-O 9. Nd2 Bxd3 10. Nxd3 Ne7
11. Nf3 Ne4 12. Nfe5 f6 13. Nf3 b6 14. Qe1 c6 15. Nf2 Ng6 16. Nxe4 dxe4 17. Nd2 f5 18. Nc4 b5 19. Nxd6 Qxd6 20. b3 Rad8
21. a4 a5 22. axb5 cxb5 23. Rxa5 Rb8 24. Ba3 Qb6 25. Bxf8 Qxa5 26. Bb4 Qa2 27. Qd1 Nh4 28. Rf2 Qa7 29. Bc5 Qa5 30. b4 Qd8
31. Ra2 h6 32. Ra7 g6 33. d5 exd5 34. Qd4
1-0

[Event "Lions Cup Den Haag"]
[Site "SchemingMind.com"]
[Date "2013.10.18"]
[Round "-"]
[White "Simon Green"]
[Black "Iucounu"]
[Result "1-0"]
[WhiteCountry "ENG"]
[BlackCountry "ENG"]
[WhiteElo "1625"]
[WhiteRD "57"]
[BlackElo "1494"]
[BlackRD "57"]
[GameID "340086"]

1. d4 f5 2. e3 Nf6 3. Bd3 e6 4. f4 b6 5. Nf3 Bb7 6. O-O c5 7. c3 Nc6 8. Qe1 cxd4 9. exd4 h6 10. Nbd2 Bd6
11. Ne5 Qe7 12. Qg3 Rg8 13. Qg6+ Kd8 14. Ndf3 Qe8 15. Nf7+ Kc7 16. N3e5 Bxe5 17. Nxe5 Nxe5 18. Qxe8 Raxe8 19. fxe5 Nd5 20. Bd2 g5
21. c4 Ne7 22. b4 Ref8 23. a4 f4 24. b5 Nf5 25. Bxf5 Rxf5 26. Rf2 Rgf8 27. Raf1 a6 28. Bb4 h5 29. Bxf8 a5 30. Bd6+ Kd8
31. h3 Be4 32. c5 bxc5 33. dxc5 h4 34. Rc1 Kc8 35. c6 dxc6 36. bxc6
1-0

[Event "Lions Cup Den Haag"]
[Site "SchemingMind.com"]
[Date "2013.10.13"]
[Round "-"]
[White "Simon Green"]
[Black "celticfc1888"]
[Result "1/2-1/2"]
[WhiteCountry "ENG"]
[BlackCountry "IRL"]
[WhiteElo "1589"]
[WhiteRD "70"]
[BlackElo "1472"]
[BlackRD "122"]
[GameID "340087"]

1. d4 Nf6 2. e3 a6 3. Bd3 d5 4. f4 h6 5. Nf3 Bg4 6. O-O e6 7. Nbd2 Be7 8. Qe1 Nc6 9. Ne5 Nxe5 10. fxe5 Nh7
11. Qg3 h5 12. h3 Bxh3 13. Qxh3 g6 14. e4 Ng5 15. Qg3 dxe4 16. Nxe4 Nxe4 17. Qf3 f5 18. exf6 Nxf6 19. Bxg6+ Kd7 20. Be3 Kc8
21. Bg5 Qxd4+ 22. Qe3 Qxe3+ 23. Bxe3 b6 24. Rad1 Kb7 25. Bd4 Raf8 26. Rde1 Rh6 27. Be4+ Nxe4 28. Rxf8 Bxf8=
1/2-1/2

[Event "Lions Cup Den Haag"]
[Site "SchemingMind.com"]
[Date "2013.10.13"]
[Round "-"]
[White "Simon Green"]
[Black "Chessibelle"]
[Result "1-0"]
[WhiteCountry "ENG"]
[BlackCountry "ENG"]
[WhiteElo "1589"]
[WhiteRD "70"]
[BlackElo "1156"]
[BlackRD "57"]
[GameID "340088"]

1. d4 d5 2. e3 e6 3. Bd3 g6 4. f4 Nc6 5. Nf3 Nf6 6. O-O Bh6 7. c3 O-O 8. Ne5 Nxe5 9. fxe5 Nd7 10. Qe1 Qe7
11. Nd2 Re8 12. e4 Bg5 13. exd5 exd5 14. Nf3 Bxc1 15. Rxc1 b6 16. Qg3 Nf8 17. Ng5 h5 18. Nxf7 Kg7 19. Qf4 Kg8 20. Qh6 Nh7
21. Bxg6 Qf8 22. Qxh7#
1-0

[Event "Lions Cup Den Haag"]
[Site "SchemingMind.com"]
[Date "2013.10.15"]
[Round "-"]
[White "Simon Green"]
[Black "wight knight"]
[Result "1-0"]
[WhiteCountry "ENG"]
[BlackCountry "ENG"]
[WhiteElo "1618"]
[WhiteRD "61"]
[BlackElo "1408"]
[BlackRD "60"]
[GameID "340089"]

1. d4 Nc6 2. e3 d5 3. f4 Bf5 4. c3 Bxb1 5. Rxb1 e6 6. Nf3 f6 7. Bd3 Nge7 8. O-O Nf5 9. Qe1 a6 10. b4 a5
11. a3 axb4 12. axb4 e5 13. Bxf5 g6 14. Bc2 e4 15. Nd2 Ra2 16. Bb3 Ra7 17. Bb2 h5 18. Ra1 Rxa1 19. Qxa1 Be7 20. Ba4 f5
21. Bxc6+ bxc6 22. Qa6 Kd7 23. Ra1 Qg8 24. b5 cxb5 25. Qxb5+ Ke6 26. Ra6+ Kf7 27. Qxd5+ Kg7 28. Qe5+ Kh6 29. Qxe7 Rh7 30. Qg5+ Kg7
31. Rxg6+ Kf7 32. Qxf5+ Ke7 33. Ba3+ Kd8 34. Rxg8#
1-0

[Event "Lions Cup Den Haag"]
[Site "SchemingMind.com"]
[Date "2013.10.14"]
[Round "-"]
[White "alexyongpohweng"]
[Black "Simon Green"]
[Result "0-1"]
[WhiteCountry "MAS"]
[BlackCountry "ENG"]
[WhiteElo "1324"]
[WhiteRD "46"]
[BlackElo "1625"]
[BlackRD "57"]
[GameID "340090"]

1. e4 e6 2. d4 d5 3. exd5 exd5 4. Nf3 Nf6 5. g3 Bd6 6. Bg2 O-O 7. O-O Nc6 8. Nc3 Be6 9. Ng5 Bf5 10. Nf3 Re8
11. Bg5 Be7 12. Bxf6 Bxf6 13. h3 Qd7 14. g4 Bg6 15. g5 Be7 16. h4 Nb4 17. a3 Nxc2 18. Rc1 Qf5 19. a4 Bd6 20. Ne2 Nb4
21. Nc3 c6 22. Ne2 Nd3 23. Rc3 Nxb2 24. Qd2 Nc4 25. Qc2 Qxc2 26. Rxc2 Bxc2 27. Nc3 a6 28. Rc1 Bf5 29. Nh2 Re7 30. Nf3 Rae8
31. Kf1 Bd3+ 32. Kg1 Bf4 33. Rd1 Be2 34. Nxe2 Rxe2 35. Bf1 Ra2 36. Bxc4 dxc4 37. Nd2 Bxd2
0-1

[Event "Lions Cup Den Haag"]
[Site "SchemingMind.com"]
[Date "2013.10.14"]
[Round "-"]
[White "fouche"]
[Black "Simon Green"]
[Result "1-0"]
[WhiteCountry "COL"]
[BlackCountry "ENG"]
[WhiteElo "1616"]
[WhiteRD "67"]
[BlackElo "1618"]
[BlackRD "61"]
[GameID "340091"]

1. e4 e6 2. d4 d5 3. exd5 exd5 4. Nf3 Nf6 5. c4 Bd6 6. Nc3 dxc4 7. Bxc4 O-O 8. O-O Nc6 9. Bg5 Be7 10. a3 Bf5
11. Qd2 Ne4 12. Nxe4 Bxe4 13. Bxe7 Nxe7 14. Ne5 Bd5 15. Rad1 Bxc4 16. Nxc4 Nd5 17. Rfe1 Qf6 18. Re5 c6 19. Ne3 Rfd8 20. Nxd5 cxd5
21. Qa5 Qd6 22. h3 f6 23. Re3 b6 24. Qb5 Rac8 25. Qe2 Qd7 26. Re7 Qc6 27. Rxa7 Rc7 28. Rxc7 Qxc7 29. Qb5 Rd6 30. Qe8#
1-0

[Event "Lions Cup Den Haag"]
[Site "SchemingMind.com"]
[Date "2013.10.16"]
[Round "-"]
[White "Timaeus"]
[Black "Simon Green"]
[Result "0-1"]
[WhiteCountry "JPN"]
[BlackCountry "ENG"]
[WhiteElo "1443"]
[WhiteRD "74"]
[BlackElo "1625"]
[BlackRD "57"]
[GameID "340092"]

1. d4 e6 2. e4 d5 3. e5 c5 4. c4 cxd4 5. cxd5 Qxd5 6. Nf3 Nc6 7. Bd3 Nxe5 8. Bf4 Bb4+ 9. Ke2 Nxf3 10. gxf3 Nf6
11. a3 Bd6 12. Bxd6 Qxd6 13. Nd2 O-O 14. Rg1 e5 15. Ne4 Nxe4 16. Bxe4 f5 17. Bd3 Qh6 18. Rh1 f4 19. h4 Bf5 20. Rc1 Bxd3+
21. Qxd3 Rac8 22. Rc2 Rxc2+ 23. Qxc2 Qa6+ 24. Kd2 Qe6 25. h5 Rc8 26. Qd3 Qb6 27. b4 Rc3 28. Qe4 Rxa3 29. Rc1 Qxb4+ 30. Kd1 Rc3
31. Rxc3 Qxc3 32. Qd5+ Kf8 33. Qxe5 Qxf3+ 34. Ke1 d3 35. Qd6+ Kf7 36. Qd7+ Kf6 37. Qd6+ Kg5 38. Qc5+ Kh4 39. Qe7+ Kh3 40. Qe6+ Kg2
41. Qa2 Qe2+ 42. Qxe2 dxe2 43. Kxe2 f3+ 44. Ke1 a5
0-1

[Event "Lions Cup Den Haag"]
[Site "SchemingMind.com"]
[Date "2013.10.18"]
[Round "-"]
[White "Iucounu"]
[Black "Simon Green"]
[Result "1-0"]
[WhiteCountry "ENG"]
[BlackCountry "ENG"]
[WhiteElo "1464"]
[WhiteRD "57"]
[BlackElo "1618"]
[BlackRD "61"]
[GameID "340093"]

1. e4 e6 2. d4 d5 3. Nc3 Nf6 4. Bg5 Be7 5. e5 Nfd7 6. Bxe7 Qxe7 7. f4 c5 8. Nb5 Nb6 9. Nd6+ Kd7 10. dxc5 Na4
11. Bb5+ Nc6 12. Bxa4 b6 13. Bxc6+ Kxc6 14. Nxc8 Raxc8 15. cxb6 axb6 16. c3 Qc5 17. Qd4 Qb5 18. b3 Kb7 19. Ne2 Rc6 20. Qe3 Rhc8
21. O-O Rc5 22. Rfc1 Qd7 23. Rc2 b5 24. Rac1 b4 25. Nd4 Ka6 26. cxb4 Rxc2 27. Rxc2 Rb8 28. Rc6+ Rb6 29. Rxb6+ Kxb6 30. Nxe6+ Ka6
31. Nc5+
1-0

[Event "Lions Cup Den Haag"]
[Site "SchemingMind.com"]
[Date "2013.10.13"]
[Round "-"]
[White "celticfc1888"]
[Black "Simon Green"]
[Result "0-1"]
[WhiteCountry "IRL"]
[BlackCountry "ENG"]
[WhiteElo "1472"]
[WhiteRD "122"]
[BlackElo "1589"]
[BlackRD "70"]
[GameID "340094"]

1. e4 e6 2. Nf3 d5 3. exd5 exd5 4. d4 Nf6 5. h3 Bd6 6. a3 O-O 7. Bg5 Qe8+ 8. Be2 Ne4 9. Be3 c5 10. dxc5 Bxc5
11. Bxc5 Nxc5 12. Qxd5 Qc6 13. Qd1 Bf5 14. Nbd2 Nbd7 15. b4 Na4 16. Nd4 Qxg2 17. Bf3 Rfe8+ 18. Ne2 Qg6 19. Bxb7 Bxc2 20. Qc1 Rxe2+
21. Kxe2 Qd3+ 22. Ke1 Nc3 23. Bf3 Re8+
0-1

[Event "Lions Cup Den Haag"]
[Site "SchemingMind.com"]
[Date "2013.10.13"]
[Round "-"]
[White "Chessibelle"]
[Black "Simon Green"]
[Result "0-1"]
[WhiteCountry "ENG"]
[BlackCountry "ENG"]
[WhiteElo "1156"]
[WhiteRD "57"]
[BlackElo "1589"]
[BlackRD "70"]
[GameID "340095"]

1. Nf3 e6 2. d4 d5 3. Nc3 Nf6 4. e3 c5 5. Bb5+ Bd7 6. Bd3 c4 7. Be2 Nc6 8. Ne5 Bd6 9. b3 Nxe5 10. dxe5 Bxe5
11. Bb2 cxb3 12. cxb3 O-O 13. Rc1 Rc8 14. O-O Qc7 15. g3 Qa5 16. Qd3 Bxc3 17. Bxc3 Qxa2 18. b4 Ne4 19. Bd4 Rxc1 20. Rxc1 Rc8
21. Rd1 Rc2 22. Re1 Rd2
0-1

[Event "Lions Cup Den Haag"]
[Site "SchemingMind.com"]
[Date "2013.10.15"]
[Round "-"]
[White "wight knight"]
[Black "Simon Green"]
[Result "0-1"]
[WhiteCountry "ENG"]
[BlackCountry "ENG"]
[WhiteElo "1408"]
[WhiteRD "60"]
[BlackElo "1618"]
[BlackRD "61"]
[GameID "340096"]

1. e4 e6 2. Bc4 d5 3. exd5 exd5 4. Bb5+ c6 5. Be2 Bd6 6. Nf3 Nf6 7. Bd3 O-O 8. Ng5 g6 9. h4 Bg4 10. f3 Bg3+
11. Kf1 Re8 12. Be4 Nxe4 13. d3 Nxg5 14. Bd2 Nxf3 15. gxf3 Qf6 16. Kg2 Bxh4 17. Qf1 Qe5 18. Rxh4 h5 19. fxg4 Qxb2 20. Nc3 Qb6
21. gxh5 Re6 22. hxg6 Rxg6+ 23. Kh1 Nd7 24. Na4 Qd8 25. Qh3 Kg7 26. Bc3+ Nf6 27. Rh7+ Kf8 28. Bxf6 Qxf6 29. Rh8+ Rg8 30. Rxg8+ Kxg8
31. Nc5 Qxa1+ 32. Kg2 Qg7+ 33. Kh2 Re8 34. Nxb7 Re1 35. Qc8+ Kh7 36. Qf5+ Qg6 37. Qf2 Qh5+ 38. Kg2 Qh1+ 39. Kg3 Rg1+ 40. Kf4 Qh6+
41. Kf3 Qh3+ 42. Ke2 Rg2 43. Qxg2 Qxg2+ 44. Kd1 f5 45. Nd6 Qf1+ 46. Kd2 Qf4+ 47. Kc3 Qxd6 48. d4 f4 49. Kd3 f3 50. Ke3 Qg3
51. a4 f2+ 52. Kd2 f1=Q 53. c4 Qgd3#
0-1